01327nam a22002655i 4500001000700000003000900007005001700016008004100033020001800074020001800092020001800110020001800128080000900146245006500155260013300220300002000353490007500373505028800448546002400736650003500760830008300795852003800878999001900916952012600935178523ES-MaACL20230906220541.0110606s19821985fr |||| | fre d a2-7116-8244-7 a2-7116-8245-5 a2-7116-8247-1 a2-7116-8249-8 a81:100aRecherches sur la philosophie et le langage b: conferences. aGrenoble : bGroupe de Recherches sur la Philosophie et le Langage, Université des Sciences Sociales de Grenoble, c1982-1985. a4 v. ; c21 cm.1 aCahier du Groupe de Recherches sur la Philosophie et le Langage ;v2-58 aContiene: 2. [Entre temps et récit : concorde/discorde / Paul Ricoeur ...].- 3. La philosophie dans sa langue / D. Bougnoux ... [et al.].- 4. Langage et le philosophie des sciences / J. Bouveresse ... [et al. ].- 5. Practiques de langage dans l'antiquité / C. Boyard ... [et al.] aTexto en francés. 4aLenguaje-xFilosofía.9143440 aCahier du Groupe de Recherches sur la Philosophie et le Langage ;v2-59224313 aES-MaACLjE-15276-79 xOlim P-484 c178523d178523 00104070aATENEOMbATENEOMcDEPO2d2011-06-06eCOMl0oE-15276-79p1187526r2023-02-23 00:00:00w2023-02-23yMONOGRAFIA